=LDR 00000nam 2200000 4500 =001 INLIS000000000044740 =005 20131008110644 =008 ***********************************Ind** =035 ##$$a0010-101300000002662 =041 ##$$a Ind =082 ##$$a 635.8 =090 ##$$a 635.8, Rah u =100 ##$$a Rah Rahmat, Suryani =245 ##$$a Untung Besar dari Bisnis Jamur Tiram, Suryani Rahmat ; Purwadaksi Rahmat =260 ##$$a 24 Cm $b Vi =850 ##$$a NNT-CD =990 ##$$a 0001/BPAP-NTB/20142014